[Event "Cusco zt 2.4"]
[Site "Cusco"]
[Date "2025.01.28"]
[Round "2"]
[White "Reyes Zavaleta, Diego Alexander"]
[Black "Reyes Zavaleta, Fabian Ricardo"]
[Result "1/2-1/2"]
[WhiteElo "1919"]
[BlackElo "2256"]
[PlyCount "72"]
[EventDate "2025.01.28"]
[EventType "swiss"]
[EventRounds "9"]
[EventCountry "PER"]
[SourceTitle "CB06_2025"]
[SourceDate "2025.02.05"]
[SourceVersion "1"]
[SourceVersionDate "2025.02.05"]
[SourceQuality "1"]

1. d4 Nf6 2. Nf3 g6 3. g3 Bg7 4. Bg2 0-0 5. 0-0 d5 6. Bf4 c6 7. Qc1 Re8 8. Rd1 b6 9. c4 e6 10. Nc3 Bb7 11. Ne5 Nfd7 12. Ng4 Bf8 13. cxd5 cxd5 14. e4 h5 15. Ne3 g5 16. Bxb8 Rxb8 17. exd5 e5 18. Nf5 Qf6 19. Qc2 Rbc8 20. Qd3 exd4 21. Nxd4 Ne5 22. Ne4 Qg6 23. Qb3 Ng4 24. Re1 Rcd8 25. Nc6 Bxc6 26. dxc6 Qxc6 27. h3 Nh6 28. Qf3 Bg7 29. Qxh5 Qg6 30. Qxg6 fxg6 31. Nxg5 Bxb2 32. Rxe8+ Rxe8 33. Rd1 Nf5 34. Rd7 Re7 35. Rxe7 Nxe7 36. Kf1 Kg7 1/2-1/2

[Event "South America-ch 2nd"]
[Site "Coliseo Miguel Grau"]
[Date "2024.08.01"]
[Round "6"]
[White "Meneses Morales, Marcos Beltran"]
[Black "Reyes Zavaleta, Diego Alexander"]
[Result "0-1"]
[WhiteElo "1755"]
[BlackElo "1870"]
[PlyCount "46"]
[EventDate "2024.07.29"]
[EventType "swiss"]
[EventRounds "9"]
[EventCountry "PER"]
[SourceTitle "EXT 2025"]
[Source "ChessBase"]
[SourceDate "2024.10.14"]
[SourceVersion "1"]
[SourceVersionDate "2024.10.14"]
[SourceQuality "1"]

1. d4 Nf6 2. c4 e6 3. Nc3 Bb4 4. e3 0-0 5. Bd3 c5 6. Nf3 cxd4 7. exd4 d5 8. cxd5 exd5 9. 0-0 Nc6 10. Bg5 Be6 11. a3 Be7 12. Ne5 Nxe5 13. dxe5 Ng4 14. Bf4 f6 15. Re1 fxe5 16. Bxe5 Bc5 17. Bd4 Bxd4 18. Rxe6 Qh4 19. h3 Nxf2 20. Bxh7+ Kxh7 21. Qc2+ Kg8 22. Kh2 Rf3 23. Ne2 Rxh3+ 0-1

[Event "South America-ch 2nd"]
[Site "Coliseo Miguel Grau"]
[Date "2024.07.31"]
[Round "5"]
[White "Reyes Zavaleta, Diego Alexander"]
[Black "Huallpa Fernandez, Hector Manuel"]
[Result "1/2-1/2"]
[WhiteElo "1870"]
[BlackElo "1787"]
[PlyCount "58"]
[EventDate "2024.07.29"]
[EventType "swiss"]
[EventRounds "9"]
[EventCountry "PER"]
[SourceTitle "EXT 2025"]
[Source "ChessBase"]
[SourceDate "2024.10.14"]
[SourceVersion "1"]
[SourceVersionDate "2024.10.14"]
[SourceQuality "1"]

1. d4 b6 2. g3 Bb7 3. Nf3 Nf6 4. Bg2 e6 5. 0-0 Be7 6. c4 0-0 7. Nc3 Ne4 8. Nxe4 Bxe4 9. Bf4 d6 10. Rc1 Nd7 11. Qb3 Qc8 12. Rfd1 Qb7 13. Bh3 c5 14. Ng5 Bxg5 15. Bxg5 cxd4 16. Rxd4 d5 17. Qd1 h6 18. cxd5 Bxd5 19. e4 Bc6 20. Be7 Rfe8 21. Rxc6 Rxe7 22. Rcd6 Nf8 23. Qa4 Ree8 24. Bf1 Qe7 25. Qd1 Rec8 26. b4 Qg5 27. f4 Qe7 28. e5 Rc3 29. Rd3 Rac8 1/2-1/2

[Event "South America-ch 2nd"]
[Site "Coliseo Miguel Grau"]
[Date "2024.07.30"]
[Round "3"]
[White "Reyes Zavaleta, Diego Alexander"]
[Black "Cori Tello, Deysi Estella"]
[Result "0-1"]
[WhiteElo "1870"]
[BlackElo "2389"]
[PlyCount "66"]
[EventDate "2024.07.29"]
[EventType "swiss"]
[EventRounds "9"]
[EventCountry "PER"]
[SourceTitle "EXT 2025"]
[Source "ChessBase"]
[SourceDate "2024.10.14"]
[SourceVersion "1"]
[SourceVersionDate "2024.10.14"]
[SourceQuality "1"]

1. d4 e6 2. c4 b6 3. g3 Bb7 4. Nf3 Bb4+ 5. Bd2 Qe7 6. Bg2 f5 7. 0-0 Bxd2 8. Qxd2 Nf6 9. Nc3 0-0 10. d5 Na6 11. Nd4 Nc5 12. b4 Nce4 13. Nxe4 fxe4 14. Nb5 d6 15. Nc3 exd5 16. cxd5 Rae8 17. Rad1 Qf7 18. f3 exf3 19. exf3 Qh5 20. Qd4 Re7 21. Rf2 Rfe8 22. Rfd2 Re5 23. f4 Re3 24. Rd3 Ng4 25. h4 Re1+ 26. Bf1 Qg6 27. Rxe1 Rxe1 28. Rd1 Ne3 29. Kf2 Nf5 30. Qd3 Re3 31. Qxe3 Nxe3 32. Kxe3 Qxg3+ 33. Ke4 Qxc3 0-1

[Event "South America-ch 2nd"]
[Site "Coliseo Miguel Grau"]
[Date "2024.07.29"]
[Round "1"]
[White "Reyes Zavaleta, Diego Alexander"]
[Black "Zambrana, Oswaldo"]
[Result "1/2-1/2"]
[WhiteElo "1870"]
[BlackElo "2408"]
[PlyCount "79"]
[EventDate "2024.07.29"]
[EventType "swiss"]
[EventRounds "9"]
[EventCountry "PER"]
[SourceTitle "EXT 2025"]
[Source "ChessBase"]
[SourceDate "2024.10.14"]
[SourceVersion "1"]
[SourceVersionDate "2024.10.14"]
[SourceQuality "1"]

1. d4 Nf6 2. c4 e6 3. Nf3 c5 4. d5 exd5 5. cxd5 d6 6. Nc3 g6 7. Bf4 Bg7 8. h3 0-0 9. e3 a6 10. a4 Qe7 11. Be2 Nbd7 12. 0-0 Nh5 13. Bh2 f5 14. Nd2 Nhf6 15. Nc4 Ne8 16. a5 Ne5 17. Nb6 Rb8 18. Ra3 g5 19. f4 Ng6 20. Nca4 gxf4 21. exf4 Nf6 22. Kh1 Bd7 23. Bd3 Ne4 24. Bxe4 fxe4 25. Nxd7 Qxd7 26. f5 Rxf5 27. Rxf5 Qxf5 28. Nxc5 Rf8 29. Bxd6 Rd8 30. Nxb7 Rd7 31. Rb3 Qf7 32. Qc1 e3 33. Rxe3 Rxb7 34. Qc8+ Bf8 35. Rf3 Qg7 36. Bxf8 Nxf8 37. Rxf8+ Qxf8 38. Qxb7 Qf1+ 39. Kh2 Qf4+ 40. Kh1 1/2-1/2

[Event "American Continental Blitz 18th"]
[Site "Medellin"]
[Date "2024.05.29"]
[Round "4"]
[White "Hernandez Jimenez, Xavi"]
[Black "Reyes Zavaleta, Diego Alexander"]
[Result "1-0"]
[WhiteElo "1907"]
[BlackElo "1873"]
[PlyCount "131"]
[EventDate "2024.05.29"]
[EventType "swiss (blitz)"]
[EventRounds "9"]
[EventCountry "COL"]
[SourceTitle "CBM 220 Extra"]
[Source "ChessBase"]
[SourceDate "2024.07.31"]
[SourceVersion "1"]
[SourceVersionDate "2024.07.31"]
[SourceQuality "1"]

1. e4 g6 2. d4 Bg7 3. Nc3 d6 4. Bc4 Nf6 5. Bg5 0-0 6. Qd2 c6 7. a4 d5 8. exd5 Nxd5 9. Bxd5 cxd5 10. Bh6 Nc6 11. Bxg7 Kxg7 12. h4 h5 13. Nge2 a6 14. Nf4 e5 15. dxe5 d4 16. Nce2 Re8 17. 0-0-0 b5 18. Nxd4 Nxd4 19. Qxd4 Qxd4 20. Rxd4 Rxe5 21. Nd3 Re7 22. a5 Bf5 23. Nc5 Rc8 24. b4 Re2 25. Rd2 Re5 26. Kb2 Rc6 27. Rhd1 Bg4 28. f3 Bf5 29. Rd4 Rexc5 30. bxc5 Rxc5 31. R1d2 Be6 32. Rd6 Rc4 33. g3 Rb4+ 34. Kc1 Ra4 35. Rxa6 b4 36. Rd4 Ra3 37. Rxb4 Rxf3 38. Rxe6 fxe6 39. a6 Ra3 40. Rb7+ Kf6 41. a7 Kf5 42. Kb2 Ra6 43. Kb3 e5 44. c4 e4 45. Re7 e3 46. Kc3 Kf6 47. Rb7 Ra2 48. Rb2 Rxa7 49. Kd3 Rc7 50. Re2 Kf5 51. Rxe3 Kg4 52. Kd4 g5 53. hxg5 Kxg5 54. c5 Kf5 55. Kd5 Kf6 56. Kd6 Rc8 57. c6 Rd8+ 58. Kc7 Rd2 59. Kb7 Rb2+ 60. Kc8 Rb4 61. c7 h4 62. gxh4 Rxh4 63. Rb3 Ke6 64. Kb7 Rh7 65. Rd3 Rf7 66. Kb8 1-0

[Event "American Continental Blitz 18th"]
[Site "Medellin"]
[Date "2024.05.29"]
[Round "8"]
[White "Reyes Zavaleta, Diego Alexander"]
[Black "Reyes Zavaleta, Fabian Ricardo"]
[Result "0-1"]
[WhiteElo "1873"]
[BlackElo "2049"]
[PlyCount "44"]
[EventDate "2024.05.29"]
[EventType "swiss (blitz)"]
[EventRounds "9"]
[EventCountry "COL"]
[SourceTitle "CBM 220 Extra"]
[Source "ChessBase"]
[SourceDate "2024.07.31"]
[SourceVersion "1"]
[SourceVersionDate "2024.07.31"]
[SourceQuality "1"]

1. Nf3 Nf6 2. d4 d5 3. h4 c5 4. Nc3 cxd4 5. Qxd4 Nc6 6. Qd1 e5 7. e3 a6 8. Be2 Be7 9. b3 d4 10. exd4 exd4 11. Nb1 0-0 12. Bb2 Bb4+ 13. c3 dxc3 14. Bxc3 Bxc3+ 15. Nxc3 Qa5 16. Rc1 Bf5 17. 0-0 Rfd8 18. Qe1 Re8 19. Qd2 Rac8 20. Qf4 Bg6 21. Bc4 b5 22. b4 Qxb4 0-1

[Event "American Continental 18th"]
[Site "Medellin"]
[Date "2024.05.27"]
[Round "5"]
[White "Garnier, Rene Augusto"]
[Black "Reyes Zavaleta, Diego Alexander"]
[Result "1-0"]
[WhiteElo "2184"]
[BlackElo "1873"]
[PlyCount "102"]
[EventDate "2024.05.24"]
[EventType "swiss"]
[EventRounds "11"]
[EventCountry "COL"]
[SourceTitle "CBM 220 Extra"]
[Source "ChessBase"]
[SourceDate "2024.07.31"]
[SourceVersion "1"]
[SourceVersionDate "2024.07.31"]
[SourceQuality "1"]

1. e4 g6 2. d4 Bg7 3. Nc3 d6 4. Be3 c6 5. Qd2 b5 6. h4 h5 7. f3 Qa5 8. Bd3 Be6 9. Nge2 b4 10. Nd1 c5 11. dxc5 dxc5 12. Nf4 Bd7 13. Bc4 Bc6 14. a3 Nd7 15. Ra2 Ne5 16. axb4 Qxb4 17. Qxb4 cxb4 18. Bb3 Bh6 19. Nd5 Bxe3 20. N1xe3 Kf8 21. Nxb4 Bb7 22. 0-0 Nf6 23. Rfa1 Rb8 24. Rxa7 Bxe4 25. Na6 Ra8 26. Nb4 Rb8 27. Na6 Ra8 28. Rxa8+ Bxa8 29. Nb4 Kg7 30. Ra7 Ned7 31. Nbd5 Nc5 32. Bc4 Nxd5 33. Nxd5 Bxd5 34. Bxd5 Rd8 35. Bc4 Rd1+ 36. Kh2 Rd4 37. b3 Kf6 38. Rc7 Ne6 39. Rc6 Rxh4+ 40. Kg3 Rd4 41. Bxe6 fxe6 42. c4 Rd6 43. Rxd6 exd6 44. Kf4 g5+ 45. Ke4 h4 46. b4 Ke7 47. c5 d5+ 48. Ke5 Kd7 49. b5 Kc7 50. c6 Kc8 51. b6 Kb8 1-0

[Event "American Continental 18th"]
[Site "Medellin"]
[Date "2024.05.26"]
[Round "4"]
[White "Reyes Zavaleta, Diego Alexander"]
[Black "Ospina, Weimar Andres"]
[Result "1-0"]
[WhiteElo "1873"]
[BlackElo "2063"]
[PlyCount "35"]
[EventDate "2024.05.24"]
[EventType "swiss"]
[EventRounds "11"]
[EventCountry "COL"]
[SourceTitle "CBM 220 Extra"]
[Source "ChessBase"]
[SourceDate "2024.07.31"]
[SourceVersion "1"]
[SourceVersionDate "2024.07.31"]
[SourceQuality "1"]

1. d4 Nf6 2. Nc3 g6 3. e4 d6 4. Bf4 c6 5. Qd2 d5 6. e5 Nfd7 7. h4 h6 8. e6 fxe6 9. Bd3 Kf7 10. Rh3 Bg7 11. Rg3 Nf8 12. Bxb8 Bxd4 13. Qf4+ Bf6 14. Bc7 Qd7 15. Nf3 g5 16. hxg5 hxg5 17. Nxg5+ Ke8 18. 0-0-0 1-0

[Event "South America-ch U16 17th"]
[Site "Guayaquil"]
[Date "2022.01.29"]
[Round "8"]
[White "Reyes Zavaleta, Diego Alexander"]
[Black "Hernandez Ojeda, Garry Anatholy"]
[Result "1/2-1/2"]
[WhiteElo "1626"]
[BlackElo "1621"]
[PlyCount "48"]
[EventDate "2022.01.25"]
[EventType "swiss"]
[EventRounds "9"]
[EventCountry "ECU"]
[SourceTitle "CBM 206 Extra"]
[Source "ChessBase"]
[SourceDate "2022.03.31"]
[SourceVersion "1"]
[SourceVersionDate "2022.03.31"]
[SourceQuality "1"]

1. d4 Nf6 2. Nf3 c5 3. d5 b5 4. c4 Qa5+ 5. Bd2 b4 6. Qc2 d6 7. e4 g6 8. h3 Bg7 9. Bd3 Nfd7 10. 0-0 0-0 11. Bf4 Na6 12. Nbd2 Qb6 13. Rab1 Rb8 14. b3 Nc7 15. Rfe1 e5 16. Be3 Nf6 17. Nf1 Bd7 18. Qc1 Nfe8 19. Bh6 f6 20. Bxg7 Kxg7 21. N3h2 f5 22. exf5 gxf5 23. Ng3 f4 24. Ne4 Nf6 1/2-1/2

[Event "South America-ch U16 17th"]
[Site "Guayaquil"]
[Date "2022.01.28"]
[Round "5"]
[White "Orozco Aguilera, Pablo Sebastian"]
[Black "Reyes Zavaleta, Diego Alexander"]
[Result "1-0"]
[WhiteElo "1634"]
[BlackElo "1626"]
[PlyCount "109"]
[EventDate "2022.01.25"]
[EventType "swiss"]
[EventRounds "9"]
[EventCountry "ECU"]
[SourceTitle "CBM 206 Extra"]
[Source "ChessBase"]
[SourceDate "2022.03.31"]
[SourceVersion "1"]
[SourceVersionDate "2022.03.31"]
[SourceQuality "1"]

1. d4 d5 2. c4 e6 3. Nc3 Be7 4. cxd5 exd5 5. Bf4 c6 6. e3 Bf5 7. Bd3 Bxd3 8. Qxd3 Nf6 9. h3 0-0 10. Nf3 Nbd7 11. 0-0 Re8 12. Rac1 Nb6 13. Ne5 Nfd7 14. b3 Nxe5 15. Bxe5 Bd6 16. Bxd6 Qxd6 17. Rfe1 h6 18. Rc2 Re6 19. Rec1 Rae8 20. Qf1 f5 21. Ne2 g5 22. Rd1 Nd7 23. Ng3 Qf8 24. Qd3 f4 25. exf4 Qxf4 26. Re2 Nf8 27. Rde1 Rxe2 28. Rxe2 Rxe2 29. Nxe2 Qe4 30. Qxe4 dxe4 31. Kf1 Kf7 32. Ke1 Ke6 33. Kd2 c5 34. Ke3 cxd4+ 35. Kxd4 Nd7 36. Kxe4 Nf6+ 37. Kd4 h5 38. Ng3 g4 39. hxg4 Nxg4 40. f3 Nf6 41. Ne4 Nh7 42. g3 b6 43. b4 Nf8 44. Nc3 Nd7 45. Ke4 a5 46. b5 Kf6 47. Kd5 Ne5 48. f4 Nd3 49. Kc6 Nxf4 50. gxf4 h4 51. Ne4+ Kf5 52. Nf2 Kxf4 53. Kxb6 Kf3 54. Nh1 Kg2 55. Kxa5 1-0

[Event "South America-ch U16 17th"]
[Site "Guayaquil"]
[Date "2022.01.26"]
[Round "3"]
[White "Flores Quillas, Diego Saul Rodrigo"]
[Black "Reyes Zavaleta, Diego Alexander"]
[Result "1-0"]
[WhiteElo "2189"]
[BlackElo "1626"]
[PlyCount "93"]
[EventDate "2022.01.25"]
[EventType "swiss"]
[EventRounds "9"]
[EventCountry "ECU"]
[SourceTitle "CBM 206 Extra"]
[Source "ChessBase"]
[SourceDate "2022.03.31"]
[SourceVersion "1"]
[SourceVersionDate "2022.03.31"]
[SourceQuality "1"]

1. e4 c5 2. Nf3 e6 3. d4 cxd4 4. Nxd4 Nf6 5. Nc3 Nc6 6. Ndb5 Bb4 7. a3 Bxc3+ 8. Nxc3 d5 9. exd5 exd5 10. Bd3 0-0 11. 0-0 Bg4 12. Ne2 Qb6 13. Kh1 d4 14. f3 Bh5 15. Nf4 Bg6 16. b3 Qc7 17. Nxg6 hxg6 18. Bg5 Nd5 19. Qd2 Rfe8 20. Rfe1 Nf6 21. b4 a6 22. Bc4 Rxe1+ 23. Rxe1 Re8 24. Rxe8+ Nxe8 25. Bf4 Qd8 26. Qd3 Qe7 27. Qe2 Qd7 28. Qe4 Kf8 29. Qd5 Qxd5 30. Bxd5 f6 31. Kg1 Ke7 32. Kf2 Nd6 33. Bd2 Kd7 34. Ke2 Nb5 35. a4 Nc7 36. Bg8 b5 37. axb5 Nxb5 38. Bc4 Kd6 39. f4 f5 40. Kd3 Nc7 41. Bf7 Nd5 42. Kc4 Nb6+ 43. Kb3 Ne7 44. g3 Kd7 45. Be1 Nbd5 46. Bf2 Kc6 47. Bxd4 1-0

[Event "South America-ch U16 17th"]
[Site "Guayaquil"]
[Date "2022.01.25"]
[Round "1"]
[White "Vasquez Angulo, Aaron Daniel"]
[Black "Reyes Zavaleta, Diego Alexander"]
[Result "0-1"]
[WhiteElo "1356"]
[BlackElo "1626"]
[PlyCount "134"]
[EventDate "2022.01.25"]
[EventType "swiss"]
[EventRounds "9"]
[EventCountry "ECU"]
[SourceTitle "CBM 206 Extra"]
[Source "ChessBase"]
[SourceDate "2022.03.31"]
[SourceVersion "1"]
[SourceVersionDate "2022.03.31"]
[SourceQuality "1"]

1. c4 e6 2. g3 Nf6 3. Bg2 d5 4. cxd5 exd5 5. Nf3 Be7 6. 0-0 0-0 7. b3 c6 8. Bb2 Re8 9. d3 Bf5 10. Nbd2 Qc8 11. Re1 Bd8 12. Nd4 Bh3 13. Bh1 Bg4 14. N2f3 Ba5 15. Nd2 Qd8 16. a3 Bb6 17. N2f3 Nbd7 18. Rc1 Nf8 19. Qd2 Ng6 20. b4 h5 21. Bg2 Qe7 22. h3 Bd7 23. Ng5 h4 24. g4 Qd6 25. Nf5 Bxf5 26. gxf5 Nf4 27. Bxf6 Nxg2 28. Kxg2 Qxf6 29. e4 dxe4 30. dxe4 Bc7 31. Rcd1 a5 32. Nf3 axb4 33. axb4 Re7 34. Qg5 Qxg5+ 35. Nxg5 Rae8 36. Kf3 Bd8 37. Kg4 Re5 38. f3 Bxg5 39. Kxg5 g6 40. Kxh4 gxf5 41. Rg1+ Kf8 42. exf5 Rxf5 43. Kg4 Rf6 44. Rge1 Ra8 45. Rd7 b5 46. Red1 Ra2 47. R1d6 Rg2+ 48. Kh4 Rf4+ 49. Kh5 Rxf3 50. Kh4 Rf4+ 51. Kh5 Rxb4 52. Rxc6 Rf4 53. Rc5 b4 54. Re5 b3 55. Rd8+ Kg7 56. Rb8 b2 57. Rg5+ Rxg5+ 58. Kxg5 Rf2 59. Rb6 Rc2 60. Rb7 Rg2+ 61. Kh5 Kf8 62. Kh4 Ke8 63. Kh5 Kd8 64. Kh6 Kc8 65. Rb3 Kc7 66. h4 Rg6+ 67. Kh7 Rb6 0-1

[Event "Híbrido del Sur op U2200 2nd"]
[Site "Tornelo INT"]
[Date "2021.10.08"]
[Round "2"]
[White "Reyes Zavaleta, Diego Alexander"]
[Black "Villasmil Rios, Hildemaro Andres"]
[Result "0-1"]
[WhiteElo "1733"]
[BlackElo "1875"]
[PlyCount "194"]
[EventDate "2021.10.08"]
[EventType "swiss"]
[EventRounds "6"]
[EventCountry "VEN"]
[SourceTitle "EXT 2023"]
[Source "ChessBase"]
[SourceDate "2022.10.05"]
[SourceVersion "1"]
[SourceVersionDate "2022.10.05"]
[SourceQuality "1"]

1. d4 Nf6 2. Nf3 d5 3. c4 c6 4. cxd5 cxd5 5. Nc3 e6 6. Bf4 Bd7 7. e3 Bb4 8. Rc1 0-0 9. a3 Bxc3+ 10. Rxc3 Nc6 11. b4 Ne4 12. Rc1 Rc8 13. Be2 Ne7 14. 0-0 Nc3 15. Qd2 Nxe2+ 16. Qxe2 Qb6 17. Rc5 a6 18. Rfc1 Nc6 19. h3 f6 20. e4 Rfe8 21. e5 f5 22. Be3 Rf8 23. g3 h6 24. Nd2 Qa7 25. Nb3 b6 26. R5c3 Ne7 27. Rxc8 Rxc8 28. Rxc8+ Nxc8 29. Qc2 Qb7 30. Nd2 Na7 31. Nb1 Bc6 32. Qc1 Be8 33. Nc3 Qc6 34. Ne2 Qxc1+ 35. Bxc1 Bb5 36. Nf4 Kf7 37. Bb2 Nc6 38. Ng2 a5 39. Bc3 a4 40. f4 Bc4 41. Kf2 Na7 42. Bb2 Nb5 43. Ne3 Nc7 44. Ng2 Ne8 45. Ne3 g5 46. Ng2 Bd3 47. Ne3 Ng7 48. Bc1 gxf4 49. gxf4 Kg6 50. Nd1 Nh5 51. Nc3 b5 52. Nd1 Ng7 53. Kg3 Kh5 54. Ne3 Ne8 55. Bb2 Nc7 56. Bc3 Na8 57. Bb2 Nb6 58. Bc3 Nc4 59. Nxc4 dxc4 60. Bd2 Be4 61. Bc3 Kg6 62. Kf2 Kf7 63. Ke3 Bd5 64. Kf2 Ke7 65. Ke3 Kd7 66. Be1 Kc6 67. Kd2 Bg2 68. h4 h5 69. Kc3 Kd5 70. Bd2 Ke4 71. Bc1 Kd5 72. Bd2 Kc6 73. Bc1 Kc7 74. Bd2 Bb7 75. Bc1 Kc6 76. Kd2 Kd5 77. Ke3 Ba8 78. Bb2 c3 79. Bxc3 Kc4 80. Bb2 Kb3 81. Bc1 Kc2 82. Bd2 Kb2 83. Kd3 Be4+ 84. Ke3 Bd5 85. Kd3 Bc4+ 86. Ke3 Kxa3 87. d5 Bxd5 88. Bc3 Kb3 89. Kd2 Bc4 90. Ba1 Kxb4 91. Kc2 Kc5 92. Bc3 b4 93. Be1 Bb3+ 94. Kb2 Kc4 95. Bd2 Bd1 96. Be3 Kd3 97. Bc5 Ke4 0-1

[Event "Híbrido del Sur op U2200 2nd"]
[Site "Tornelo INT"]
[Date "2021.10.08"]
[Round "3"]
[White "Reyes Zavaleta, Fabian Ricardo"]
[Black "Reyes Zavaleta, Diego Alexander"]
[Result "1/2-1/2"]
[WhiteElo "1867"]
[BlackElo "1733"]
[PlyCount "53"]
[EventDate "2021.10.08"]
[EventType "swiss"]
[EventRounds "6"]
[EventCountry "VEN"]
[SourceTitle "EXT 2023"]
[Source "ChessBase"]
[SourceDate "2022.10.05"]
[SourceVersion "1"]
[SourceVersionDate "2022.10.05"]
[SourceQuality "1"]

1. d4 d5 2. c4 e6 3. Nf3 Nf6 4. g3 Be7 5. Bg2 0-0 6. 0-0 b6 7. Nc3 Bb7 8. Ne5 Nbd7 9. Qa4 Nxe5 10. dxe5 Ne4 11. Nxe4 dxe4 12. Rd1 Qe8 13. Qc2 Rd8 14. Rxd8 Qxd8 15. Be3 Qa8 16. Rd1 c5 17. Rd7 Bd8 18. b3 Bc6 19. Rd1 Bc7 20. Bf4 Rd8 21. Rxd8+ Bxd8 22. Bc1 Bc7 23. Bb2 h6 24. a3 a5 25. a4 e3 26. f3 Qd8 27. Qd3 1/2-1/2

[Event "Pan American-ch Hybrid U16 31st"]
[Site "Tornelo INT"]
[Date "2021.09.04"]
[Round "5"]
[White "Perez Salazar, Armando"]
[Black "Reyes Zavaleta, Diego Alexander"]
[Result "1/2-1/2"]
[WhiteElo "1932"]
[BlackElo "1679"]
[PlyCount "45"]
[EventDate "2021.09.04"]
[EventType "swiss"]
[EventRounds "9"]
[EventCountry "NET"]
[SourceTitle "EXT 2023"]
[Source "ChessBase"]
[SourceDate "2022.10.05"]
[SourceVersion "1"]
[SourceVersionDate "2022.10.05"]
[SourceQuality "1"]

1. d4 d5 2. Bf4 Nf6 3. Nd2 Bf5 4. e3 e6 5. c4 Be7 6. Qb3 Qc8 7. h3 0-0 8. Ngf3 h6 9. Rc1 c6 10. Bd3 Bxd3 11. Qxd3 Nbd7 12. 0-0 Qd8 13. e4 dxc4 14. Nxc4 Nc5 15. Qe2 Ncxe4 16. Rfd1 Nd6 17. Nce5 Nd5 18. Bh2 Nf5 19. a3 Bg5 20. Rc2 Bf4 21. b4 Bxh2+ 22. Kxh2 Qd6 23. g3 1/2-1/2

[Event "Pan American-ch Hybrid U16 31st"]
[Site "Tornelo INT"]
[Date "2021.09.04"]
[Round "6"]
[White "Reyes Zavaleta, Diego Alexander"]
[Black "Melendez, Manuel A"]
[Result "1-0"]
[WhiteElo "1679"]
[BlackElo "1862"]
[PlyCount "79"]
[EventDate "2021.09.04"]
[EventType "swiss"]
[EventRounds "9"]
[EventCountry "NET"]
[SourceTitle "EXT 2023"]
[Source "ChessBase"]
[SourceDate "2022.10.05"]
[SourceVersion "1"]
[SourceVersionDate "2022.10.05"]
[SourceQuality "1"]

1. d4 Nf6 2. Nf3 g6 3. c4 Bg7 4. Nc3 0-0 5. e4 d6 6. h3 Nc6 7. Be3 e5 8. d5 Ne7 9. c5 Nh5 10. Be2 f5 11. cxd6 cxd6 12. Bg5 h6 13. Bxe7 Qxe7 14. 0-0 Nf4 15. Re1 Bd7 16. Bf1 Rf7 17. Nd2 Raf8 18. g3 Nh5 19. exf5 Rxf5 20. Nce4 R5f7 21. Nc4 b5 22. Ncxd6 Rxf2 23. Nxf2 Qxd6 24. Ne4 Qb6+ 25. Kg2 Bf5 26. Qd2 g5 27. Rac1 g4 28. hxg4 Bxg4 29. Rc6 Bf3+ 30. Kh2 Qd8 31. Bh3 Qe8 32. Rc8 Qg6 33. Rxf8+ Bxf8 34. Qf2 Bxe4 35. Be6+ Kg7 36. Rxe4 Nf4 37. Rxe5 Bd6 38. Qxa7+ Kh8 39. Qa8+ Kh7 40. Bf5 1-0

[Event "Pan American-ch Hybrid U16 31st"]
[Site "Tornelo INT"]
[Date "2021.09.04"]
[Round "2"]
[White "Vasquez Vargas, Henry Richard"]
[Black "Reyes Zavaleta, Diego Alexander"]
[Result "1-0"]
[WhiteElo "1998"]
[BlackElo "1679"]
[PlyCount "79"]
[EventDate "2021.09.04"]
[EventType "swiss"]
[EventRounds "9"]
[EventCountry "NET"]
[SourceTitle "EXT 2023"]
[Source "ChessBase"]
[SourceDate "2022.10.05"]
[SourceVersion "1"]
[SourceVersionDate "2022.10.05"]
[SourceQuality "1"]

1. Nf3 d5 2. g3 Nf6 3. Bg2 e6 4. 0-0 Nbd7 5. d4 Nb6 6. b3 Bd7 7. a4 a5 8. Ne5 Qc8 9. Bd2 Qb8 10. Qe1 Qa7 11. Nc3 Nc8 12. Nxd7 Nxd7 13. e4 dxe4 14. d5 e5 15. Qxe4 Bd6 16. Nb5 Qb8 17. Qg4 g6 18. f4 f5 19. Qe2 0-0 20. Nxd6 cxd6 21. fxe5 Nxe5 22. Bf4 Re8 23. Qb5 Kf7 24. Rae1 Qc7 25. Qe2 Nb6 26. Kh1 Nbd7 27. Qd2 Nf6 28. Re2 Nfd7 29. h3 h5 30. Rfe1 Rh8 31. Bg5 Rac8 32. Rf1 Qc3 33. Qf4 Qb2 34. Be4 Rc3 35. Ref2 Rc7 36. Bxf5 gxf5 37. Qxf5+ Kg7 38. Bc1 Qc3 39. Qg5+ Ng6 40. Rf7+ 1-0

[Event "Pan American-ch Hybrid U16 31st"]
[Site "Tornelo INT"]
[Date "2021.09.04"]
[Round "7"]
[White "Yang, Benjamin1"]
[Black "Reyes Zavaleta, Diego Alexander"]
[Result "1-0"]
[WhiteElo "1854"]
[BlackElo "1679"]
[PlyCount "91"]
[EventDate "2021.09.04"]
[EventType "swiss"]
[EventRounds "9"]
[EventCountry "NET"]
[SourceTitle "EXT 2023"]
[Source "ChessBase"]
[SourceDate "2022.10.05"]
[SourceVersion "1"]
[SourceVersionDate "2022.10.05"]
[SourceQuality "1"]

1. e4 c5 2. Be2 Nc6 3. f4 e6 4. Nf3 g6 5. 0-0 f5 6. e5 Bg7 7. d4 d6 8. c3 Nge7 9. Na3 cxd4 10. cxd4 Bd7 11. Nb5 Nc8 12. exd6 0-0 13. Bc4 Na5 14. Na3 Nxd6 15. Bd3 Qb6 16. Nc2 Bc6 17. Ne5 Rad8 18. b4 Nac4 19. Bxc4 Nxc4 20. Nxc4 Rxd4 21. Nxb6 Rxd1 22. Rxd1 Bxa1 23. Nxa1 axb6 24. Be3 Ra8 25. Rd2 b5 26. Nb3 Bd5 27. Rc2 Bc4 28. Na5 Bd5 29. a3 Be4 30. Rc7 Rd8 31. Nxb7 Rd3 32. Kf2 Rxa3 33. g3 Ra2+ 34. Kf1 Rxh2 35. Nd6 Bd3+ 36. Kg1 Rc2 37. Rxc2 Bxc2 38. Nxb5 Bd3 39. Nd4 Kf7 40. b5 Bxb5 41. Nxb5 h6 42. Kf2 Kf6 43. Bd4+ Kf7 44. Nd6+ Ke7 45. Nc4 Kf7 46. Ne5+ 1-0

[Event "ECU Clasif2 U20"]
[Site "Chess.com INT"]
[Date "2020.12.18"]
[Round "5"]
[White "Oviedo Carrillo, Tamia Salome"]
[Black "Reyes Zavaleta, Diego Alexander"]
[Result "0-1"]
[WhiteElo "1257"]
[BlackElo "1678"]
[PlyCount "104"]
[EventDate "2020.12.18"]
[EventType "swiss"]
[EventRounds "9"]
[EventCountry "ECU"]
[SourceTitle "EXT 2022"]
[Source "ChessBase"]
[SourceDate "2021.10.06"]
[SourceVersion "1"]
[SourceVersionDate "2021.10.06"]
[SourceQuality "1"]

1. e4 c5 2. c3 e6 3. d4 cxd4 4. cxd4 Nf6 5. Nc3 Bb4 6. Bd3 0-0 7. Nf3 Nc6 8. Be3 d5 9. e5 Ne4 10. Qc2 Qa5 11. Bd2 Nxd2 12. Qxd2 h6 13. 0-0 Qb6 14. a3 Be7 15. Rac1 Na5 16. Bc2 Nc4 17. Qd3 g6 18. Na4 Qd8 19. Nd2 b5 20. Nc3 a6 21. Nxc4 dxc4 22. Qf3 Rb8 23. Rfd1 Qb6 24. Ne4 Bb7 25. Nf6+ Kg7 26. Qf4 Rbd8 27. h4 Qc6 28. Be4 Qc7 29. h5 g5 30. Qf3 Bxe4 31. Nxe4 f5 32. exf6+ Bxf6 33. Nxf6 Rxf6 34. Qe4 Rdf8 35. f3 Qf7 36. d5 exd5 37. Qxd5 Qxh5 38. Qd7+ R8f7 39. Qd4 Qg6 40. Re1 Qf5 41. Re5 Qf4 42. Qc3 Kh7 43. Rce1 h5 44. Qc2+ Kh6 45. Qc3 g4 46. Re6 gxf3 47. gxf3 Rg7+ 48. Kf2 Qg3+ 49. Ke2 Rxe6+ 50. Kd1 Qxe1+ 51. Qxe1 Rxe1+ 52. Kxe1 Re7+ 0-1